Ryan Fitzpatrick - Sudden Death - Statistics

General Stats
  • This quiz has been taken 44 times
  • The average score is 6 of 9
Answers on the Grid
Answers color-coded by a green-red scale on the quiz's grid according to % correct below.
49ers
Bears
Bengals
Bills
Broncos
Browns
Buccaneers
Cardinals
Commanders
Dolphins
Eagles
Giants
Jets
Lions
Raiders
Rams
Seahawks
Texans
Titans
Vikings
 
Answer Stats
Answer % Correct
Bills
100%
Commanders
83%
Bengals
67%
Buccaneers
67%
Dolphins
67%
Jets
67%
Titans
67%
Texans
50%
Rams
17%
No matching quizzes found
Score Distribution
Percent of People with Each Score
Percentile by Number Answered
Your Score History
You have not taken this quiz